<?xml version="1.0" encoding="UTF-8"?>
<record
    xmlns:xsi="http://www.w3.org/2001/XMLSchema-instance"
    xsi:schemaLocation="http://www.loc.gov/MARC21/slim http://www.loc.gov/standards/marcxml/schema/MARC21slim.xsd"
    xmlns="http://www.loc.gov/MARC21/slim">

  <leader>00979nam a22002417a 4500</leader>
  <controlfield tag="005">20231102151633.0</controlfield>
  <controlfield tag="008">140124t2012    xxu    | |||| 00| 0 esp d</controlfield>
  <datafield tag="020" ind1=" " ind2=" ">
    <subfield code="a">978-607-7971-78-8</subfield>
  </datafield>
  <datafield tag="040" ind1=" " ind2=" ">
    <subfield code="e">RDA</subfield>
  </datafield>
  <datafield tag="050" ind1=" " ind2=" ">
    <subfield code="a">K52 C67 2012</subfield>
  </datafield>
  <datafield tag="100" ind1="1" ind2="0">
    <subfield code="9">CORREAS, Oscar</subfield>
  </datafield>
  <datafield tag="245" ind1="1" ind2="0">
    <subfield code="a">Metodolog&#xED;a Jur&#xED;dica I</subfield>
    <subfield code="b">: una introducci&#xF3;n filos&#xF3;fica</subfield>
    <subfield code="c">/ Oscar Correas</subfield>
  </datafield>
  <datafield tag="250" ind1=" " ind2=" ">
    <subfield code="a">2</subfield>
  </datafield>
  <datafield tag="260" ind1=" " ind2=" ">
    <subfield code="a">M&#xE9;xico</subfield>
    <subfield code="b">: Fontamara</subfield>
    <subfield code="c">, 2012</subfield>
  </datafield>
  <datafield tag="300" ind1=" " ind2=" ">
    <subfield code="a">249 p&#xE1;ginas</subfield>
  </datafield>
  <datafield tag="337" ind1=" " ind2=" ">
    <subfield code="a">texto</subfield>
  </datafield>
  <datafield tag="338" ind1=" " ind2=" ">
    <subfield code="a">sin medio</subfield>
  </datafield>
  <datafield tag="339" ind1=" " ind2=" ">
    <subfield code="a">vol&#xFA;men</subfield>
  </datafield>
  <datafield tag="500" ind1=" " ind2=" ">
    <subfield code="a">Licenciatura Max
14 004851</subfield>
  </datafield>
  <datafield tag="521" ind1=" " ind2=" ">
    <subfield code="a">Pr&#xF3;logo
Cap&#xED;tulo 1 El racionalismo absoluto
Cap&#xED;tulo 2 Las concecuencias del racionalismo absoluto
Cap&#xED;tulo 3 El positivismo y el mundo  moderno
Cap&#xED;tulo 4 La filosof&#xED;a anal&#xED;tica y la filosof&#xED;a jur&#xED;dica 
Cap&#xED;tulo 5 Las ciencias del espiritu y la hermen&#xE9;utica
Cap&#xED;tulo 6 La argumentaci&#xF3;n jur&#xED;dica
Nota final
Nota bibliogr&#xE1;fica
</subfield>
  </datafield>
  <datafield tag="650" ind1=" " ind2=" ">
    <subfield code="2">DERECHO</subfield>
    <subfield code="x">METODOLOG&#xCD;A JURIDICA</subfield>
  </datafield>
  <datafield tag="942" ind1=" " ind2=" ">
    <subfield code="c">LB</subfield>
    <subfield code="2">ddc</subfield>
  </datafield>
  <datafield tag="952" ind1=" " ind2=" ">
    <subfield code="0">0</subfield>
    <subfield code="1">0</subfield>
    <subfield code="2">lcc</subfield>
    <subfield code="4">0</subfield>
    <subfield code="7">0</subfield>
    <subfield code="a">14</subfield>
    <subfield code="b">14</subfield>
    <subfield code="d">2013-03-04</subfield>
    <subfield code="l">0</subfield>
    <subfield code="o">K52 C67 2012</subfield>
    <subfield code="p">14 004851</subfield>
    <subfield code="r">2014-01-24</subfield>
    <subfield code="t">1</subfield>
    <subfield code="w">2014-01-24</subfield>
    <subfield code="y">LB</subfield>
  </datafield>
  <datafield tag="999" ind1=" " ind2=" ">
    <subfield code="c">91819</subfield>
    <subfield code="d">91819</subfield>
  </datafield>
</record>
